000 00313nam a22001457a 4500
008 210308b ||||| |||| 00| 0 eng d
020 _a9780813191188
041 _aeng
080 _a94
082 _a94
100 _a16
101 _aHIS
245 _aJapan in the 21st Century
_cKaran, P.P
942 _2udc
_cBK
999 _c55996
_d55996